01119nam a2200229 a 450000100100000000500170001000800410002702000180006804000250008608200160011110000330012724500850016026000430024530000270028849000720031550001220038750000800050950001280058971000540071770000460077183000720081700004672220201002053055.0180320s2014 dr a r 000 0 spa d a9789945896350 aDO-SdBNPbspacBNPHU axxxxbG643m1 aGonzález, Nurys del Carmen10aMódulo 2. Taller 7. Algoritmo de la división /cNurys del Carmen González. aSanto Domingo :bMINERD ;bOEI,c2014. a20 p. :bil. ;c28 cm.1 aDesarrollo profesional docente, enseñanza de la lengua española aPolítica de apoyo a los aprendizajes de los primeros grados de nivel básico en lectura, escritura y matemática. aRegional educativa 05 San Pedro de Macorís, 12 Higüey, y 17 Monte Plata aA la cabeza del título: Desarrollo Profesional Docente. Capacitación de Docentes para la Enseñanza de la Matemática1 aRepública DominicanabMinisterio de Educación12aOrganización de Estados Iberoamericanos 0aDesarrollo profesional docente, enseñanza de la lengua española